000 00391nam a2200169Ia 4500
008 170705s9999 xx 000 0 und d
020 _a9780545298780
245 _aSeriously, Norman! /
245 _cChris Raschka.
260 _aNew York :
260 _bScholastic,
260 _c2011
300 _a342 pages :
300 _bcolor illustration ;
300 _c19cm.
500 _a880
999 _c336388
_d336388